Využitie historických máp

Bibliographic Details
Main Authors: Hvizdák, Ladislav, 1980- (Author), Hronček, Pavel, 1973- (Author), Weis, Karol, 1972- (Author)
Format: Book
Language:Slovak
PhysicalDescription:82 s. fotogr., ilustr., mp. 29 cm
Published: V Košiciach Fakulta Berg Technickej univerzity 2011
ISBN:9788055306902
Edition:1. vyd.
Subjects:

MARC

LEADER 00000nam a22000005a 4500
001 vtls010294004
003 SK-MaSNL
005 20260426002553.0
008 240318s2011 xo boa e p 000 0 slo
015 |a SNBA2011/08-04371 
020 |a 9788055306902  |q (brož.) 
035 |a 9CE254D5-C4AE-4EF8-B2CB-0B0DDC23BA46 
035 |a urn:nbn:sk:snk-amjxja 
035 |a urn:nbn:sk:snk-am007ztp 
040 |a SNK  |b slo  |c SNK  |e AACR2 
041 0 |a slo 
043 |a e-xo--- 
044 |a xo  |c SK 
072 7 |a 912  |x Mapy. Atlasy  |2 konspekt 
080 |a 912.43:94  |2 2001 
080 |a 912.43:55  |2 2001 
080 |a 912.43:622  |2 2001 
080 |a 622.3  |2 2001 
080 |a (437.6)  |2 2001 
080 |a (075.8)  |2 2001 
100 1 |a Hvizdák, Ladislav,  |d 1980-  |4 aut  |9 199649 
245 1 0 |a Využitie historických máp  |c Ladislav Hvizdák, Pavel Hronček, Karol Weis 
250 |a 1. vyd. 
260 |a V Košiciach  |b Fakulta Berg Technickej univerzity  |c 2011 
300 |a 82 s.  |b fotogr., ilustr., mp.  |c 29 cm 
366 |e 50 výt. 
504 |a Bibliogr. odkazy 
650 0 7 |a historické mapy  |2 SNKPH  |9 64540 
650 0 7 |a Historical maps  |2 SNKPHeng  |9 336512 
650 0 7 |a Geological maps  |2 SNKPHeng  |9 414299 
650 0 7 |a geologické mapy  |2 SNKPH  |9 254182 
650 0 7 |a banské mapy  |2 SNKPH  |9 78975 
650 0 7 |a Mine maps  |2 SNKPHeng  |9 458599 
650 0 7 |a Mineral mining  |2 SNKPHeng  |9 329698 
650 0 7 |a ťažba nerastných surovín  |2 SNKPH  |9 67682 
651 7 |a Slovensko  |2 SNKPH  |9 14231 
651 7 |a Slovakia  |2 SNKPHeng  |9 92630 
655 7 |a učebnice vysokých škôl  |2 SNKPH  |9 70191 
655 7 |a Textbooks (higher)  |2 SNKPHeng  |9 276436 
700 1 |a Hronček, Pavel,  |d 1973-  |4 aut  |9 101931 
700 1 |a Weis, Karol,  |d 1972-  |4 aut  |9 199674 
919 |a 978-80-553-0690-2 
958 |a NB 
968 |d 91 
999 |c 922017  |d 923947 
952 |a SNK  |b SNK  |y PREZ  |7 0  |p 17A0707624  |o snkSB 81765  |i snk2011/15929  |8 0  |0 0  |1 0  |4 0  |d 2011-07-21  |f 1  |l 0  |r 2025-05-05 00:00:00  |w 2026-02-24 
952 |a SNK  |b SNK  |y VYP  |7 0  |p 17A0707625  |o snkSB 81765 D1  |i snk2011/15930  |8 0  |0 0  |1 0  |4 0  |d 2011-07-21  |l 0  |r 2016-06-30 00:00:00  |w 2026-02-24